000 00698nam a2200229 i 4500
001 C2-0329860
003 PPAK
005 20180728130822.0
008 150202s2006 cc |||| ||||| | zxx d
040 _aPPAK
_beng
_cPPAK
_erda
082 0 4 _a895.1
_223
090 0 0 _a895.1
_bCHI
_dKIH
245 0 4 _aThe Chinese Pen
_bcontemporary chinese literature from Taiwan
264 1 _aTaiwan :
_bTaipie Chinese Center, International Pen ,
_c2006
300 _a167 pages ;
_c21 cm
336 _2rdacontent
_atext
337 _2rdamedia
_aunmediated
338 _2rdacarrier
_avolume
650 1 0 _aShort stories - Chinese - Translation into english
700 1 _aKao, Tien-en,
_eeditor
942 _ddc
_cB
999 _c129020
_d129020